Statistiken für Kader SV Darmstadt 98

Klicken Sie hier um das Quiz zu spielen!

Allgemein

  • Dieses Quiz wurde 73 mal gespielt
    (46 seit der letzten Aktualisierung)
  • Das Durchschnittsergebnis liegt bei 15 aus 29

Antwortstatistiken

#Spieler% Korrekt
1Marcel Schuhen
82%
32Fabian Holland
76%
6Marvin Mehlem
76%
11Tobias Kempe
76%
Torsten Lieberknecht
74%
16Andreas Müller
68%
20Jannik Müller
68%
5Matej Maglica
68%
7Braydon Manu
65%
14Christoph Klarer
65%
4Christoph Zimmermann
65%
15Fabian Nürnberger
56%
26Matthias Bader
56%
8Fabian Schnellhardt
53%
23Klaus Gjasula
53%
18Mathias Honsak
53%
30Alexander Brunst
50%
38Clemens Riedel
50%
19Emir Karic
50%
22Aaron Seydel
44%
39Fraser Hornby
44%
29Oscar Vilhelmsson
44%
42Fabio Torsiello
41%
17Frank Ronstadt
41%
3Thomas Isherwood
41%
40Filip Stojilkovic
29%
--Morten Behrens
26%
--Nemanja Celic
18%
37Antonis Makatounakis
0%

Verteilung der Resultate

Perzentil nach korrekt beantworteten Fragen

Anzahl Personen mit jedem Resultat

Ihre Resultats-Entwicklung

Sie haben dieses Quiz seit der letzten Aktualisierung nicht gespielt